000 00306nam a2200121Ia 4500
008 190216s9999||||xx |||||||||||||| ||und||
100 _aDr.Pravanakumar Meena
245 0 _aHindi-Dalith Sahithya Our Samsamayik Sandharb
260 _bSanjay Pub
_c2010
300 _a127 127
650 _aHindi
942 _cBK
999 _c16902
_d16902